[Event "Pontevedra op 7th"]
[Site "Pontevedra"]
[Date "2019.08.12"]
[Round "7"]
[White "Rodriguez Lopez, Rafael"]
[Black "Nedobora, Gregori"]
[Result "1-0"]
[WhiteElo "2265"]
[BlackElo "2026"]
[PlyCount "91"]
[EventDate "2019.08.08"]
[EventType "swiss"]
[EventRounds "9"]
[EventCountry "ESP"]
[SourceTitle "EXT 2020"]
[Source "ChessBase"]
[SourceDate "2019.10.17"]
[SourceVersion "1"]
[SourceVersionDate "2019.10.17"]
[SourceQuality "1"]

1. e4 c5 2. Nf3 d6 3. d4 cxd4 4. Nxd4 Nf6 5. Nc3 a6 6. Be2 e6 7. f4 Nbd7 8. Bf3 Qc7 9. Be3 Nb6 10. Qd3 Bd7 11. 0-0-0 Nc4 12. Bf2 Rc8 13. g4 b5 14. g5 b4 15. gxf6 bxc3 16. Qxc3 gxf6 17. b3 Na3 18. Qxc7 Rxc7 19. c4 Nb5 20. Ne2 Na7 21. e5 Nc8 22. exd6 Bxd6 23. Bd4 Ke7 24. Rhe1 Rg8 25. Kb1 Bb4 26. Nc3 Bxc3 27. Bxc3 f5 28. Be5 Bc6 29. Bxc7 Bxf3 30. Rd2 Be4+ 31. Kb2 Na7 32. Bd6+ Kf6 33. Be5+ Ke7 34. Red1 Rg2 35. Rxg2 Bxg2 36. a4 Nc6 37. Bc3 f6 38. b4 e5 39. b5 axb5 40. axb5 Nd8 41. fxe5 fxe5 42. Bxe5 Ne6 43. c5 f4 44. c6 Nd8 45. Bxf4 Nf7 46. c7 1-0

[Event "Sanxenxo Carlos op 4th"]
[Site "Sanxenxo"]
[Date "2012.06.29"]
[Round "7"]
[White "Barlov, Dragan"]
[Black "Nedobora, Gregori"]
[Result "1-0"]
[WhiteElo "2450"]
[BlackElo "2103"]
[PlyCount "41"]
[EventDate "2012.06.23"]
[EventType "swiss"]
[EventRounds "9"]
[EventCountry "ESP"]
[SourceTitle "CBM 149 Extra"]
[Source "ChessBase"]
[SourceDate "2012.08.24"]
[SourceVersion "1"]
[SourceVersionDate "2012.08.24"]
[SourceQuality "1"]

1. e4 c5 2. Nf3 d6 3. Bb5+ Nc6 4. 0-0 Bd7 5. Re1 a6 6. Bxc6 Bxc6 7. d4 cxd4 8. Nxd4 e6 9. c4 Be7 10. Nc3 Nf6 11. b3 Rc8 12. a4 0-0 13. Ba3 Re8 14. Qd2 Qc7 15. Kh1 d5 16. Bxe7 Rxe7 17. exd5 Bxd5 18. Nxd5 exd5 19. Nf5 Rxe1+ 20. Rxe1 Ne4 21. Qd4 1-0